Ako sa naučiť učiť
Na minha lista:
| Autor principal: | |
|---|---|
| Formato: | Livro |
| Idioma: | eslovaco |
| Publicado em: |
Bratislava :
Metodicko-pedagogické centrum v Bratislave,
2003
|
| Edição: | 1. vyd. |
| Assuntos: | |
| Tags: |
Sem tags, seja o primeiro a adicionar uma tag!
|
MARC
| LEADER | 00000nam a22000003a 4500 | ||
|---|---|---|---|
| 001 | stu81404 | ||
| 005 | 20220321183616.7 | ||
| 008 | 030717s2003----xo------------------slo-d | ||
| 020 | |a 80-8052-156-5 | ||
| 040 | |a STU |b slo | ||
| 041 | 0 | |a slo | |
| 044 | |a xo | ||
| 080 | |a 37 | ||
| 100 | 1 | |a Turek, Ivan, |d 1944- |4 aut |u M220 |U MTF Ústav inžinierskej pedagogiky a humatitných vied |T MTF Katedra inžinierskej pedagogiky a psychológie |X 1531 |U M220 |Y M220 |7 A000001531 | |
| 245 | 1 | |a Ako sa naučiť učiť | |
| 250 | |a 1. vyd. | ||
| 260 | |a Bratislava : |b Metodicko-pedagogické centrum v Bratislave, |c 2003 | ||
| 300 | |a 158 s | ||
| 650 | 7 | |a pedagogika |2 stusub | |
| 650 | 7 | |a učenie |2 stusub | |
| 996 | |b 284M056950 |c M*11158-15 |l MMKN |s A |a 24 |w stu81404_0001 | ||
| 996 | |b 284M056942 |c M*11158-7 |l MMKN |s A |a 24 |w stu81404_0002 | ||
| 996 | |b 284M056943 |c M*11158-8 |l MMKN |s A |a 24 |w stu81404_0003 | ||
| 996 | |b 284M056944 |c M*11158-9 |l MMKN |s A |a 24 |w stu81404_0004 | ||
| 996 | |b 284M056946 |c M*11158-11 |l MMKN |s A |a 24 |w stu81404_0005 | ||
| 996 | |b 284M056947 |c M*11158-12 |l MMKN |s A |a 24 |w stu81404_0006 | ||
| 996 | |b 284M056948 |c M*11158-13 |l MMKN |s A |a 24 |w stu81404_0007 | ||
| 996 | |b 284M056949 |c M*11158-14 |l MMKN |s A |a 24 |w stu81404_0008 | ||
| 996 | |b 284M056937 |c M*11158-2 |l MMKN |s A |a 24 |w stu81404_0009 | ||
| 996 | |b 284M056939 |c M*11158-4 |l MMKN |s A |a 24 |w stu81404_0010 | ||
| 996 | |b 284M056940 |c M*11158-5 |l MMKN |s A |a 24 |w stu81404_0011 | ||
| 996 | |b 284M056941 |c M*11158-6 |l MMKN |s A |a 24 |w stu81404_0012 | ||
| 996 | |b 284M056938 |c M*11158-3 |l MMKN |s A |a 24 |w stu81404_0013 | ||
| 996 | |b 284M056945 |c M*11158-10 |l MMKN |s A |a 24 |w stu81404_0014 | ||